| 000 | 004440000a22001690004500 | ||
|---|---|---|---|
| 003 | MACL | ||
| 005 | 20160128124702.0 | ||
| 008 | 160128b xxu||||| |||| 00| 0 eng d | ||
| 040 |
_aMACL _cMACL |
||
| 041 | _aEnglish | ||
| 082 | _a920.71/FRE | ||
| 100 |
_aFrench, Patrick _915858 |
||
| 245 |
_aYounghusband _bThe Last Great Imperial Adventurer |
||
| 260 |
_bFlamingo _c1995 _aLondon |
||
| 650 |
_aBiography _934805 |
||
| 942 |
_cBK _k920.71/FRE _2ddc |
||
| 999 |
_c32805 _d32805 |
||